000 00251nam a22000977a 4500
999 _c3719
_d3719
008 161108b xxu||||| |||| 00| 0 eng d
020 _a9788182963801
100 _91063
_aPandey.V.K.
245 _aInformation Technology-VII
260 _aNew Delhi
_bAPC
_c2012